Samskarikathayude Sancharangal (Record no. 127468)

MARC details
000 -LEADER
fixed length control field 00414nam a2200133Ia 4500
008 - FIXED-LENGTH DATA ELEMENTS--GENERAL INFORMATION
fixed length control field 211122s9999||||xx |||||||||||||| ||und||
082 ## - DEWEY DECIMAL CLASSIFICATION NUMBER
Classification number 920.71
Item number RAJ-S
100 ## - MAIN ENTRY--PERSONAL NAME
Personal name Rajasekharan, S
245 #0 - TITLE STATEMENT
Title Samskarikathayude Sancharangal
260 ## - PUBLICATION, DISTRIBUTION, ETC.
Name of publisher, distributor, etc. Sahitya Pravarthaka Co-Operative Society
Place of publication, distribution, etc. Kottayam
630 ## - SUBJECT ADDED ENTRY--UNIFORM TITLE
General subdivision General Stack
650 ## - SUBJECT ADDED ENTRY--TOPICAL TERM
Topical term or geographic name entry element Malayalam
942 ## - ADDED ENTRY ELEMENTS (KOHA)
Koha item type BOOK
650 ## - SUBJECT ADDED ENTRY--TOPICAL TERM
Form subdivision HISTORY & GEOGRAPHYBIOGRAPHY,GENEALOGY & INSIGNIA
Holdings
Withdrawn status Lost status Source of classification or shelving scheme Damaged status Not for loan Home library Current library Date acquired Cost, normal purchase price Full call number Barcode Shelving location Date last seen Price effective from Koha item type
    Dewey Decimal Classification     SB LIBRARY SB LIBRARY 22/11/2021 170.00 894.81207 RAJ-S 00141199 GENERAL STACK 22/11/2021 22/11/2021 BOOK

Powered by Koha